Prime Numbers - Sudden Death - Statistics

General Stats
  • This quiz has been taken 96,916 times
  • The average score is 10 of 15
Answers on the Grid
Answers color-coded by a green-red scale on the quiz's grid according to % correct below.
1
2
3
4
5
6
7
8
9
10
11
12
13
14
15
16
17
18
19
20
21
22
23
24
25
26
27
28
29
30
31
32
33
34
35
36
37
38
39
40
41
42
43
44
45
46
47
48
49
50
 
Answer Stats
Answer % Correct
3
93%
7
89%
2
86%
5
86%
11
79%
13
79%
17
78%
19
73%
23
73%
29
59%
31
58%
37
55%
43
42%
41
41%
47
41%
No matching quizzes found
Score Distribution
Percent of People with Each Score
Percentile by Number Answered
Your Score History
You have not taken this quiz